000 00836cam a2200289 a 4500
999 _c9855
_d9855
001 9855
003 BD-JhCC
005 20180520123903.0
008 180402s1974 nyua 001 0 eng
035 _a(BD-JhCC)9855
040 _aDLC
_cDLC
_dDLC
_dBD-JhCC
041 _aeng
050 0 0 _aPR2755
_b.B36 1957
082 0 0 _a822.3/3
_222
_bSHA 1980
100 1 _aShakespeare, William
240 1 0 _aWorks.
245 1 0 _aWilliam Shakespeare :
_bThe Complete works /
_cWilliam Shakespeare
246 3 _aWilliam Shakespeare complete works
250 _aModern Library ed., 1st ed.
260 _aNew Delhi :
_bOxford & IBH publishing co. pvt. ltd. ;
_c1980.
300 _a1375 p. :
_bill. ;
_c23 cm.
490 0 _aThe RSC Shakespeare
500 _aIncludes index.
650 _aComplete works.
942 _2ddc
_cREF